书目信息 |
| 题名: |
催化剂制造
|
|
| 作者: | 白崎高保 , 藤堂尚之 编 ;《催化剂制造》翻译组 译 | |
| 分册: | ||
| 出版信息: | 北京 石油工业出版社 1981.8 |
|
| 页数: | 383页 | |
| 开本: | 21cm | |
| 丛书名: | ||
| 单 册: | ||
| 中图分类: | TQ032 | |
| 科图分类: | ||
| 主题词: | 化学反应过程 | |
| 电子资源: | ||
| ISBN: | ||
| 000 | 00746nam0 2200217 45 | |
| 001 | 0181013493 | |
| 005 | 20060303094954.32 | |
| 010 | @dCNY1.60 | |
| 100 | @a20810111d km y0chiy0120 ea | |
| 101 | 0 | @achi |
| 102 | @aCN@b110000 | |
| 200 | 1 | @a催化剂制造@Acui hua ji zhi zao@f(日)白崎高保,藤堂尚之编@F(ri)bai qi gao bao,teng tang shang zhi bian@g《催化剂制造》翻译组译@G《cui hua ji zhi zao》fan yi zu yi |
| 210 | @a北京@c石油工业出版社@d1981.8 | |
| 215 | @a383页@d21cm | |
| 606 | 0 | @a化学反应过程 |
| 690 | @aTQ032 | |
| 701 | 0 | @a白崎高保@Abai qi gao bao@4编 |
| 701 | 0 | @a藤堂尚之@Ateng tang shang zhi@4编 |
| 712 | 0 | @a《催化剂制造》翻译组@A《cui hua ji zhi zao》fan yi zu@4译 |
| 801 | @aCN@bTSTC@c20060303 | |
| 905 | @dTQ032@e3@f3@b57091-93 | |
| 催化剂制造/(日)白崎高保,藤堂尚之编/《催化剂制造》翻译组译.-北京:石油工业出版社,1981.8 |
| 383页;21cm |
| ISBN :CNY1.60 |
| ● |
| 相关链接 |
|
|
|
|
正题名:催化剂制造
索取号:TQ032/3
 
预约/预借
| 序号 | 登录号 | 条形码 | 馆藏地/架位号 | 状态 | 备注 |
| 1 | 0057091 | 001645562 | 密集书库/ [索取号:TQ032/3] | 在馆 | |
| 2 | 0057092 | 202166271 | 密集书库/ [索取号:TQ032/3] | 在馆 | |
| 3 | 0057093 | 001645642 | 密集书库/ [索取号:TQ032/3] | 在馆 |